Traducciones españolas del "Cinco de Mayo" / (Record no. 97173)

MARC details
000 -LEADER
campo de control de longitud fija 00675nam a2200205 i 4500
001 - NÚMERO DE CONTROL
campo de control 97173
003 - IDENTIFICADOR DE NÚMERO DE CONTROL
campo de control ES-MaACL
005 - FECHA Y HORA DE LA ÚLTIMA TRANSACCIÓN
campo de control 20230906182043.0
007 - CAMPO FIJO DE DESCRIPCIÓN FÍSICA--INFORMACIÓN GENERAL
campo de control de longitud fija t|
008 - DATOS DE LONGITUD FIJA--INFORMACIÓN GENERAL
campo de control de longitud fija 050707s1948 it ||||1| spa d
100 1# - ENTRADA PRINCIPAL--NOMBRE DE PERSONA
Nombre de persona Manzoni, Alessandro.
9 (RLIN) 76238
245 10 - MENCIÓN DEL TÍTULO
Título Traducciones españolas del "Cinco de Mayo" /
Mención de responsabilidad, etc. de Alejandro Manzoni; recogidas por Mario Gasparini.
260 ## - PUBLICACIÓN, DISTRIBUCIÓN, ETC.
Lugar de publicación, distribución, etc. Roma :
Nombre del editor, distribuidor, etc. Edizioni di Storia e Letteratura,
Fecha de publicación, distribución, etc. 1948.
300 ## - DESCRIPCIÓN FÍSICA
Extensión 170 p., 5 lám. ;
Dimensiones 20 cm.
490 1# - MENCIÓN DE SERIE
Mención de serie Letture di pensiero e d'arte
700 1# - ENTRADA AGREGADA--NOMBRE PERSONAL
Nombre de persona Gasparini, Mario.
9 (RLIN) 55892
830 0# - PUNTO DE ACCESO ADICIONAL DE SERIE-TÍTULO UNIFORME
Título uniforme Letture di pensiero e d'arte
9 (RLIN) 184408
852 ## - LOCALIZACIÓN
Ubicación ES-MaACL
Número de control de estantería C-5646
Sublocalización o colección R.26279
Holdings
Estatus retirado Estado de pérdida Estado de daño No para préstamo Biblioteca de origen Biblioteca actual Ubicación en estantería Fecha de adquisición Fuente de adquisición Total de préstamos Signatura topográfica completa Código de barras Visto por última vez Precio de reemplazo Tipo de ítem Koha
        Biblioteca del Ateneo de Madrid Biblioteca del Ateneo de Madrid Sala Palomar 17/01/2008     C-5646 1101447 23/02/2023 23/02/2023 Libro impreso